My Top 30 NBA Players 2024 - Statistics

General Stats
  • This quiz has been taken 1,130 times
  • The average score is 29 of 30
Answer Stats
# Hint Answer % Correct
7 Lakers LeBron James
100%
1 Nuggets Nikola Jokic
100%
10 Lakers Anthony Davis
99%
11 Suns Devin Booker
99%
2 Bucks Giannis Antetokounmpo
99%
8 Celtics Jayson Tatum
99%
4 76ers Joel Embiid
99%
6 Suns Kevin Durant
99%
3 Mavericks Luka Doncic
99%
5 Warriors Stephen Curry
99%
16 Hawks Trae Young
99%
9 Trailblazers Damian Lillard
98%
13 Grizzlies Ja Morant
98%
19 Celtics Jaylen Brown
98%
12 Heat Jimmy Butler
98%
14 Clippers Kawhi Leonard
98%
17 Thunder Shai Gilgeous-Alexander
98%
15 Cavaliers Donovan Mitchell
97%
21 Pelicans Zion Williamson
97%
26 Timberwolves Anthony Edwards
96%
24 Mavericks Kyrie Irving
96%
27 Kings De'Aaron Fox
95%
25 Timberwolves Karl-Anthony Towns
95%
18 Clippers Paul George
95%
22 Heat Bam Adebayo
94%
28 Kings Domantas Sabonis
94%
29 Bulls DeMar DeRozan
93%
20 76ers James Harden
93%
30 Pelicans Brandon Ingram
87%
23 Raptors Pascal Siakam
84%
No matching quizzes found
Score Distribution
Percent of People with Each Score
Percentile by Number Answered
Your Score History
You have not taken this quiz